| 000 | 00987cam a2200289 a 4500 | ||
|---|---|---|---|
| 001 | 12766352 | ||
| 003 | LC | ||
| 005 | 20160531154020.0 | ||
| 008 | 020507s2002 nyua j 000 0beng d | ||
| 010 | _a 2002280613 | ||
| 020 | _a9780448424965 (pbk.) | ||
| 035 | _a(OCoLC)ocm49191431 | ||
| 040 |
_aXCX _cXCX _dDPL _dDLC |
||
| 042 | _alccopycat | ||
| 050 | 0 | 0 |
_aQC 16.E5 _bB7339 2002 |
| 082 | 0 | 0 |
_a530/.092 _aB |
| 100 | 1 | _aBrallier, Jess M. | |
| 245 | 1 | 0 |
_aWho was Albert Einstein? / _cby Jess M. Brallier ; illustrated by Robert Andrew Parker. |
| 260 |
_aNew York : _bGrosset & Dunlap, _cc2002. |
||
| 300 |
_a105 p. : _bill. ; _c20 cm. |
||
| 600 | 1 | 0 |
_aEinstein, Albert, _d1879-1955 _vJuvenile literature. |
| 650 | 0 |
_aPhysicists _vBiography _vJuvenile literature. |
|
| 700 | 1 |
_aParker, Robert Andrew, _eill. |
|
| 906 |
_a7 _bcbc _ccopycat _d3 _encip _f20 _gy-gencatlg |
||
| 942 |
_2lcc _cBK |
||
| 999 |
_c294933 _d294933 |
||